<?xml version="1.0" encoding="UTF-8"?><marc:collection xmlns:marc="http://www.loc.gov/MARC21/slim">
  <marc:record>
    <marc:leader>00000nam  2200000za 4500</marc:leader>
    <marc:controlfield tag="001">9.840361</marc:controlfield>
    <marc:controlfield tag="003">CaOODSP</marc:controlfield>
    <marc:controlfield tag="005">20240402095234</marc:controlfield>
    <marc:controlfield tag="007">cr |||||||||||</marc:controlfield>
    <marc:controlfield tag="008">170726r20142008quca    o    f000 0 eng d</marc:controlfield>
    <marc:datafield tag="040" ind1=" " ind2=" ">
      <marc:subfield code="a">CaOODSP</marc:subfield>
      <marc:subfield code="b">eng</marc:subfield>
    </marc:datafield>
    <marc:datafield tag="043" ind1=" " ind2=" ">
      <marc:subfield code="a">n-cn---</marc:subfield>
    </marc:datafield>
    <marc:datafield tag="086" ind1="1" ind2=" ">
      <marc:subfield code="a">P29-4-43-126-2008E-PDF</marc:subfield>
    </marc:datafield>
    <marc:datafield tag="245" ind1="0" ind2="0">
      <marc:subfield code="a">Reconditioning, remanufacturing and repair of drums for the transportation of dangerous goods </marc:subfield>
      <marc:subfield code="h">[electronic resource] / </marc:subfield>
      <marc:subfield code="c">prepared by the Canadian General Standards Board.</marc:subfield>
    </marc:datafield>
    <marc:datafield tag="260" ind1=" " ind2=" ">
      <marc:subfield code="a">Gatineau : </marc:subfield>
      <marc:subfield code="b">Canadian General Standards Board, </marc:subfield>
      <marc:subfield code="c">2008, 2014.</marc:subfield>
    </marc:datafield>
    <marc:datafield tag="300" ind1=" " ind2=" ">
      <marc:subfield code="a">iv, 15, A2 p. : </marc:subfield>
      <marc:subfield code="b">ill.</marc:subfield>
    </marc:datafield>
    <marc:datafield tag="490" ind1="1" ind2=" ">
      <marc:subfield code="a">CGSB standard ; </marc:subfield>
      <marc:subfield code="v">no. 43.126-2008</marc:subfield>
    </marc:datafield>
    <marc:datafield tag="500" ind1=" " ind2=" ">
      <marc:subfield code="a">"April 2014."</marc:subfield>
    </marc:datafield>
    <marc:datafield tag="500" ind1=" " ind2=" ">
      <marc:subfield code="a">"Experience and excellence"--Cover.</marc:subfield>
    </marc:datafield>
    <marc:datafield tag="500" ind1=" " ind2=" ">
      <marc:subfield code="a">Supersedes CAN/CGSB-43.126-98, Reaffirmed April 2014 Incorporating Corrigendum No. 1.</marc:subfield>
    </marc:datafield>
    <marc:datafield tag="500" ind1=" " ind2=" ">
      <marc:subfield code="a">Issued also in French under title: Reconditionnement, reconstruction et réparation des fûts pour le transport des marchandises dangereuses.</marc:subfield>
    </marc:datafield>
    <marc:datafield tag="520" ind1=" " ind2=" ">
      <marc:subfield code="a">"This standard specifies the requirements for the reconditioning, remanufacturing and repair of steel and plastic drums for the transportation of dangerous goods. This standard consists of three parts and one appendix. Part I specifies the general requirements for drum eligibility, and a registered facility’s quality management system. Part II specifies the requirements for the reconditioning, remanufacturing and repair of steel drums. Part III specifies the requirements for the reconditioning and remanufacturing of plastic drums. Appendix A specifies the requirements for the registration of remanufacturing, reconditioning and repair facilities and of reconditioning facilities’ symbols with Transport Canada"--Scope.</marc:subfield>
    </marc:datafield>
    <marc:datafield tag="692" ind1="0" ind2="7">
      <marc:subfield code="2">gccst</marc:subfield>
      <marc:subfield code="a">Maintenance</marc:subfield>
    </marc:datafield>
    <marc:datafield tag="692" ind1="0" ind2="7">
      <marc:subfield code="2">gccst</marc:subfield>
      <marc:subfield code="a">Hazardous materials transport</marc:subfield>
    </marc:datafield>
    <marc:datafield tag="692" ind1="0" ind2="7">
      <marc:subfield code="2">gccst</marc:subfield>
      <marc:subfield code="a">Standards</marc:subfield>
    </marc:datafield>
    <marc:datafield tag="710" ind1="2" ind2=" ">
      <marc:subfield code="a">Canadian General Standards Board.</marc:subfield>
    </marc:datafield>
    <marc:datafield tag="775" ind1="0" ind2="8">
      <marc:subfield code="t">Reconditionnement, reconstruction et réparation des fûts pour le transport des marchandises dangereuses </marc:subfield>
      <marc:subfield code="w">(CaOODSP)9.840365</marc:subfield>
    </marc:datafield>
    <marc:datafield tag="794" ind1=" " ind2=" ">
      <marc:subfield code="t">Reconditioning, remanufacturing and repair of drums for the transportation of dangerous goods.</marc:subfield>
      <marc:subfield code="b">Third edition</marc:subfield>
      <marc:subfield code="w">(CaOODSP)9.875862</marc:subfield>
    </marc:datafield>
    <marc:datafield tag="830" ind1="#" ind2="0">
      <marc:subfield code="a">CGSB standard ;</marc:subfield>
      <marc:subfield code="v">no. 43.126-2008.</marc:subfield>
      <marc:subfield code="w">(CaOODSP)9.840323</marc:subfield>
    </marc:datafield>
    <marc:datafield tag="856" ind1="4" ind2="0">
      <marc:subfield code="q">PDF</marc:subfield>
      <marc:subfield code="s">1.04 MB</marc:subfield>
      <marc:subfield code="u">https://publications.gc.ca/collections/collection_2017/ongc-cgsb/P29-4-43-126-2008-eng.pdf</marc:subfield>
    </marc:datafield>
    <marc:datafield tag="986" ind1=" " ind2=" ">
      <marc:subfield code="a">ICS 59.080.30</marc:subfield>
    </marc:datafield>
  </marc:record>
</marc:collection>
